| 000 | 00932nam a2200277Ia 4500 | ||
|---|---|---|---|
| 003 | OSt | ||
| 005 | 20240925091646.0 | ||
| 008 | 210716s2016 xx 000 0 und d | ||
| 020 | _a9788126562176 | ||
| 040 | _cAIMIT LIBRARY | ||
| 041 | _aeng | ||
| 082 |
_a005.73 _2GOOM |
||
| 100 |
_aGoodrich, Michael T. _9180072 |
||
| 245 |
_aData structures and algorithms in python / _cBy Michael T Goodrich; Roberto Tamassia and Michael H Goldwasser. |
||
| 250 | _a1 st ed. | ||
| 260 |
_aNew Delhi : _bWiley India Pvt Ltd , _c2016. |
||
| 300 |
_axix,748 P.; _bPB _c24.5 cm. |
||
| 650 |
_aExpressions operators and precedence _9180073 |
||
| 650 |
_aPriority queues _9180175 |
||
| 650 |
_aMaps hash tables and skip lists _9180176 |
||
| 650 |
_aSorting and selection _9180177 |
||
| 650 |
_aGraph algorithms _9180178 |
||
| 700 |
_aTamassia, Roberto. _9180074 |
||
| 700 |
_aGoldwasser, Michael H. _9180179 |
||
| 942 |
_2ddc _cBK _k005.73 GOOM |
||
| 999 |
_c195748 _d195748 |
||